[Event "DVM U16 2022"]
[Site "Darmstadt GER"]
[Date "2022.12.27"]
[Round "2"]
[White "Bühring, Marwin"]
[Black "Kossert, Simon"]
[Result "1-0"]
[Termination "normal"]
[Board "8.4"]
[WhiteElo "1374"]
[BlackElo "1299"]
[WhiteClock "01:09:49"]
[BlackClock "00:42:26"]
[WhiteTeam "Schachklub König Plauen"]
[BlackTeam "Karlsruher SF 1853"]
[PlyCount "43"]
[WhiteFideId "16281985"]
[BlackFideId "16283287"]
[EventCountry "GER"]
[EventRounds "7"]
[EventType "team-swiss"]
[EventDate "2022.12.26"]

1. e4 {[%clk 1:30:38]} c5 {[%clk 1:30:55]} 2. Nc3 {[%clk 1:31:04]} Nc6 {[%clk
1:30:43]} 3. f4 {[%clk 1:31:29]} g6 {[%clk 1:31:05]} 4. Nf3 {[%clk 1:31:42]}
Bg7 {[%clk 1:31:18]} 5. Bb5 {[%clk 1:32:05]} Nd4 {[%clk 1:31:32]} 6. Bc4 {[%clk
1:31:09]} e6 {[%clk 1:31:24]} 7. Nxd4 {[%clk 1:29:55]} Bxd4 {[%clk 1:27:49]} 8.
Ne2 {[%clk 1:27:54]} d5 {[%clk 1:16:58]} 9. Bb5 {[%clk 1:26:20]} Bd7 {[%clk
1:17:11]} 10. Bxd7 {[%clk 1:26:48]} Qxd7 {[%clk 1:17:19]} 11. e5 {[%clk
1:27:14]} f6 {[%clk 1:05:41]} 12. c3 {[%clk 1:26:46]} Bxe5 {[%clk 1:05:55]} 13.
fxe5 {[%clk 1:27:08]} fxe5 {[%clk 1:06:13]} 14. O-O {[%clk 1:27:10]} e4 {[%clk
0:55:09]} 15. b3 {[%clk 1:21:23]} Ne7 {[%clk 0:53:51]} 16. Bb2 {[%clk 1:19:00]}
h5 {[%clk 0:52:31]} 17. Qc2 {[%clk 1:13:20]} Nf5 {[%clk 0:52:00]} 18. c4 {[%clk
1:13:07]} d4 {[%clk 0:46:50]} 19. Qxe4 {[%clk 1:12:22]} O-O-O {[%clk 0:46:08]}
20. Nf4 {[%clk 1:11:57]} Rde8 {[%clk 0:44:46]} 21. Ba3 {[%clk 1:09:48]} g5
{[%clk 0:42:26]} 22. Nd3 {[%clk 1:09:49]} 1-0

[Event "DVM U16 2022"]
[Site "Darmstadt GER"]
[Date "2022.12.27"]
[Round "2"]
[White "Meuer, David"]
[Black "Uhlmann, Tim"]
[Result "1/2-1/2"]
[Termination "normal"]
[Board "9.1"]
[WhiteElo "1949"]
[BlackElo "1745"]
[WhiteClock "00:11:20"]
[BlackClock "00:47:52"]
[WhiteTeam "SV Turm Lahnstein"]
[BlackTeam "SF Neureut 1953 e.V."]
[PlyCount "53"]
[WhiteFideId "16262964"]
[BlackFideId "16239210"]
[EventCountry "GER"]
[EventRounds "7"]
[EventType "team-swiss"]
[EventDate "2022.12.26"]

1. e4 {[%clk 1:31:26]} e5 {[%clk 1:30:54]} 2. Nf3 Nc6 3. d4 {[%clk 1:31:52]}
exd4 {[%clk 1:31:42]} 4. Nxd4 {[%clk 1:32:17]} Bb4 {[%clk 1:31:58]} 5. c3
{[%clk 1:32:40]} Bc5 {[%clk 1:32:18]} 6. Be3 {[%clk 1:33:06]} Bb6 {[%clk
1:32:36]} 7. Nf5 {[%clk 1:33:14]} Bxe3 {[%clk 1:32:33]} 8. Nxe3 {[%clk
1:33:39]} Nf6 {[%clk 1:32:52]} 9. f3 {[%clk 1:16:56]} d6 {[%clk 1:26:57]} 10.
Nd2 {[%clk 1:13:23]} Bd7 {[%clk 1:21:21]} 11. Qc2 {[%clk 1:10:13]} Qe7 {[%clk
1:21:19]} 12. O-O-O {[%clk 1:08:35]} O-O-O {[%clk 1:21:41]} 13. Nb3 {[%clk
1:01:17]} Be6 {[%clk 1:17:08]} 14. Nd4 {[%clk 0:56:10]} Ne5 {[%clk 1:13:44]}
15. c4 {[%clk 0:50:31]} c5 {[%clk 1:09:03]} 16. Nb5 {[%clk 0:34:11]} a6 {[%clk
1:08:02]} 17. Nc3 {[%clk 0:34:17]} Nc6 {[%clk 1:07:43]} 18. Qd2 {[%clk
0:29:40]} Rhe8 {[%clk 1:03:21]} 19. Be2 {[%clk 0:25:33]} Kb8 {[%clk 0:59:51]}
20. Rhe1 {[%clk 0:25:49]} Qc7 {[%clk 0:54:32]} 21. Bf1 {[%clk 0:21:17]} Nd4
{[%clk 0:52:36]} 22. Nc2 {[%clk 0:20:54]} Nxc2 {[%clk 0:51:50]} 23. Qxc2 {[%clk
0:21:00]} Ng8 {[%clk 0:51:31]} 24. Kb1 {[%clk 0:16:42]} Ne7 {[%clk 0:51:07]}
25. Rd2 {[%clk 0:15:44]} Rd7 {[%clk 0:47:47]} 26. Red1 {[%clk 0:15:22]} Red8
{[%clk 0:47:52]} 27. Ka1 {[%clk 0:11:20]} 1/2-1/2

[Event "DVM U16 2022"]
[Site "Darmstadt GER"]
[Date "2022.12.27"]
[Round "2"]
[White "Scheinmaier, Mark"]
[Black "Mader, Fabian"]
[Result "0-1"]
[Termination "normal"]
[Board "9.2"]
[WhiteElo "1557"]
[BlackElo "1819"]
[WhiteClock "00:24:26"]
[BlackClock "00:36:01"]
[WhiteTeam "SF Neureut 1953 e.V."]
[BlackTeam "SV Turm Lahnstein"]
[PlyCount "150"]
[WhiteFideId "16238958"]
[BlackFideId "16265866"]
[EventCountry "GER"]
[EventRounds "7"]
[EventType "team-swiss"]
[EventDate "2022.12.26"]

1. e4 c5 2. Nc3 Nc6 {[%clk 1:30:44]} 3. f4 {[%clk 1:31:41]} d6 {[%clk 1:30:21]}
4. Nf3 {[%clk 1:31:52]} g6 {[%clk 1:30:21]} 5. Bc4 {[%clk 1:31:52]} Bg7 {[%clk
1:30:21]} 6. d3 {[%clk 1:31:52]} e6 {[%clk 1:28:37]} 7. O-O {[%clk 1:30:44]}
Nge7 {[%clk 1:28:37]} 8. Qe1 {[%clk 1:30:44]} O-O {[%clk 1:28:37]} 9. Qh4
{[%clk 1:30:44]} Na5 {[%clk 1:28:37]} 10. f5 {[%clk 1:30:44]} gxf5 {[%clk
1:28:37]} 11. Bg5 {[%clk 1:30:44]} f6 {[%clk 1:28:37]} 12. Bh6 {[%clk 1:30:44]}
Ng6 {[%clk 1:28:37]} 13. Qh5 {[%clk 1:30:44]} Nxc4 {[%clk 1:28:37]} 14. exf5
{[%clk 1:30:44]} Nce5 {[%clk 1:28:37]} 15. fxg6 {[%clk 1:30:44]} Nxg6 {[%clk
1:28:37]} 16. Rae1 {[%clk 1:30:44]} Bd7 {[%clk 1:28:37]} 17. Re4 {[%clk
1:30:44]} e5 {[%clk 1:28:37]} 18. Ree1 {[%clk 1:30:44]} b5 {[%clk 1:28:37]} 19.
Ne2 {[%clk 1:30:44]} d5 {[%clk 1:28:37]} 20. Nh4 {[%clk 1:30:44]} Nxh4 {[%clk
1:28:37]} 21. Qxh4 {[%clk 1:30:44]} Bxh6 {[%clk 1:28:37]} 22. Qxh6 {[%clk
1:30:44]} Rf7 {[%clk 1:28:37]} 23. Ng3 {[%clk 1:30:44]} Qf8 {[%clk 1:28:37]}
24. Qh4 {[%clk 1:30:44]} Qe7 {[%clk 0:36:01]} 25. Nf5 {[%clk 0:24:26]} Bxf5
{[%clk 0:36:01]} 26. Rxf5 {[%clk 0:24:26]} Raf8 {[%clk 0:36:01]} 27. Re3 {[%clk
0:24:26]} Rg7 {[%clk 0:36:01]} 28. Ref3 {[%clk 0:24:26]} Rg6 {[%clk 0:36:01]}
29. b3 {[%clk 0:24:26]} Qe6 {[%clk 0:36:01]} 30. Qf2 {[%clk 0:24:26]} Qe7
{[%clk 0:36:01]} 31. Qh4 {[%clk 0:24:26]} Kg7 {[%clk 0:36:01]} 32. Rh5 {[%clk
0:24:26]} Rh8 {[%clk 0:36:01]} 33. Rhf5 {[%clk 0:24:26]} Qe6 {[%clk 0:36:01]}
34. Qf2 {[%clk 0:24:26]} Rc8 {[%clk 0:36:01]} 35. Kf1 {[%clk 0:24:26]} Qa6
{[%clk 0:36:01]} 36. c3 {[%clk 0:24:26]} Rc6 {[%clk 0:36:01]} 37. h4 {[%clk
0:24:26]} Qa3 {[%clk 0:36:01]} 38. h5 {[%clk 0:24:26]} Qc1 {[%clk 0:36:01]} 39.
Ke2 {[%clk 0:24:26]} Qc2 {[%clk 0:36:01]} 40. Kf1 {[%clk 0:24:26]} Qd1 {[%clk
0:36:01]} 41. Qe1 {[%clk 0:24:26]} Qxe1 {[%clk 0:36:01]} 42. Kxe1 {[%clk
0:24:26]} Rxg2 {[%clk 0:36:01]} 43. Kf1 {[%clk 0:24:26]} Rg5 {[%clk 0:36:01]}
44. Rxg5 {[%clk 0:24:26]} fxg5 {[%clk 0:36:01]} 45. Ke2 {[%clk 0:24:26]} Rf6
{[%clk 0:36:01]} 46. Re3 {[%clk 0:24:26]} Rf5 {[%clk 0:36:01]} 47. d4 {[%clk
0:24:26]} cxd4 {[%clk 0:36:01]} 48. cxd4 {[%clk 0:24:26]} e4 {[%clk 0:36:01]}
49. Rc3 {[%clk 0:24:26]} a6 {[%clk 0:36:01]} 50. Rc7 {[%clk 0:24:26]} Kh6
{[%clk 0:36:01]} 51. Rc6 {[%clk 0:24:26]} Kxh5 {[%clk 0:36:01]} 52. Rxa6 {[%clk
0:24:26]} g4 {[%clk 0:36:01]} 53. a4 {[%clk 0:24:26]} g3 {[%clk 0:36:01]} 54.
axb5 {[%clk 0:24:26]} g2 {[%clk 0:36:01]} 55. Ra1 {[%clk 0:24:26]} Kg4 {[%clk
0:36:01]} 56. b6 {[%clk 0:24:26]} Rf3 {[%clk 0:36:01]} 57. Ra7 {[%clk 0:24:26]}
Rxb3 {[%clk 0:36:01]} 58. Rg7 {[%clk 0:24:26]} Kf4 {[%clk 0:36:01]} 59. Rf7
{[%clk 0:24:26]} Kg5 {[%clk 0:36:01]} 60. Rg7 {[%clk 0:24:26]} Kf6 {[%clk
0:36:01]} 61. Rxg2 {[%clk 0:24:26]} Rxb6 {[%clk 0:36:01]} 62. Rf2 {[%clk
0:24:26]} Ke6 {[%clk 0:36:01]} 63. Rf8 {[%clk 0:24:26]} Rb7 {[%clk 0:36:01]}
64. Ke3 {[%clk 0:24:26]} Rf7 {[%clk 0:36:01]} 65. Re8 {[%clk 0:24:26]} Kd7
{[%clk 0:36:01]} 66. Re5 {[%clk 0:24:26]} Rf3 {[%clk 0:36:01]} 67. Ke2 {[%clk
0:24:26]} Kd6 {[%clk 0:36:01]} 68. Rh5 {[%clk 0:24:26]} Rd3 {[%clk 0:36:01]}
69. Rh6 {[%clk 0:24:26]} Kc7 {[%clk 0:36:01]} 70. Rxh7 {[%clk 0:24:26]} Kc6
{[%clk 0:36:01]} 71. Rh6 {[%clk 0:24:26]} Kb5 {[%clk 0:36:01]} 72. Rh8 {[%clk
0:24:26]} Rxd4 {[%clk 0:36:01]} 73. Rb8 {[%clk 0:24:26]} Kc4 {[%clk 0:36:01]}
74. Rc8 {[%clk 0:24:26]} Kb3 {[%clk 0:36:01]} 75. Rc6 {[%clk 0:24:26]} Rd3
{[%clk 0:36:01]} 0-1

[Event "DVM U16 2022"]
[Site "Darmstadt GER"]
[Date "2022.12.27"]
[Round "2"]
[White "Lenz, Joshua"]
[Black "Sanmugalingam, Kapirththan"]
[Result "1-0"]
[Termination "normal"]
[Board "9.3"]
[WhiteElo "1527"]
[BlackElo "1693"]
[WhiteClock "00:09:28"]
[BlackClock "00:48:01"]
[WhiteTeam "SV Turm Lahnstein"]
[BlackTeam "SF Neureut 1953 e.V."]
[PlyCount "85"]
[WhiteFideId "16256956"]
[BlackFideId "34622950"]
[EventCountry "GER"]
[EventRounds "7"]
[EventType "team-swiss"]
[EventDate "2022.12.26"]

1. e4 {[%clk 1:30:57]} c5 {[%clk 1:30:50]} 2. d4 {[%clk 1:30:46]} cxd4 {[%clk
1:30:59]} 3. c3 {[%clk 1:31:05]} d5 {[%clk 1:27:55]} 4. exd5 {[%clk 1:28:43]}
Qxd5 {[%clk 1:27:18]} 5. cxd4 {[%clk 1:28:44]} Nc6 {[%clk 1:26:43]} 6. Nf3
{[%clk 1:28:44]} Nf6 {[%clk 1:22:47]} 7. Nc3 {[%clk 1:28:25]} Qa5 {[%clk
1:22:37]} 8. Be2 {[%clk 1:22:57]} e6 {[%clk 1:22:38]} 9. O-O {[%clk 1:22:08]}
Be7 {[%clk 1:22:37]} 10. Bf4 {[%clk 1:18:59]} Nd5 {[%clk 1:20:27]} 11. Nxd5
{[%clk 1:18:45]} Qxd5 {[%clk 1:20:37]} 12. b3 {[%clk 1:11:02]} Qd8 {[%clk
1:17:18]} 13. Bb5 {[%clk 1:05:20]} Qb6 {[%clk 1:14:42]} 14. Bxc6 {[%clk
1:03:05]} Qxc6 {[%clk 1:14:08]} 15. Ne5 {[%clk 1:01:54]} Qd5 {[%clk 1:12:14]}
16. Qf3 {[%clk 0:48:31]} Qxf3 {[%clk 1:11:01]} 17. Nxf3 {[%clk 0:48:22]} O-O
{[%clk 1:10:53]} 18. Rac1 {[%clk 0:48:08]} Rd8 {[%clk 1:08:26]} 19. Rc7 {[%clk
0:43:26]} Bd6 {[%clk 1:08:00]} 20. Bxd6 {[%clk 0:43:19]} Rxd6 {[%clk 1:08:16]}
21. Rfc1 {[%clk 0:42:09]} Rd8 {[%clk 1:05:01]} 22. h3 {[%clk 0:29:57]} f6
{[%clk 1:01:10]} 23. Re7 {[%clk 0:26:48]} Bd7 {[%clk 0:49:10]} 24. Rc7 {[%clk
0:26:35]} Be8 {[%clk 0:49:07]} 25. Rxg7 {[%clk 0:25:33]} Kh8 {[%clk 0:48:57]}
26. Rxh7 {[%clk 0:25:05]} Kg8 {[%clk 0:49:17]} 27. Rcg7 {[%clk 0:24:40]} Kf8
{[%clk 0:49:23]} 28. Rxb7 {[%clk 0:24:31]} Kg8 {[%clk 0:49:15]} 29. Rbg7 {[%clk
0:23:25]} Kf8 {[%clk 0:49:29]} 30. Rxa7 {[%clk 0:23:26]} Rxa7 {[%clk 0:49:07]}
31. Rxa7 {[%clk 0:23:48]} Bd7 {[%clk 0:48:35]} 32. b4 {[%clk 0:20:09]} Ke7
{[%clk 0:48:51]} 33. Rc7 {[%clk 0:19:12]} Kd6 {[%clk 0:48:40]} 34. Rc1 {[%clk
0:18:14]} Rg8 {[%clk 0:48:35]} 35. Nd2 {[%clk 0:13:45]} Bc6 {[%clk 0:47:52]}
36. f3 {[%clk 0:13:31]} Bd5 {[%clk 0:47:50]} 37. Ne4 {[%clk 0:12:29]} Ke7
{[%clk 0:47:42]} 38. Rc7 {[%clk 0:11:26]} Kd8 {[%clk 0:48:02]} 39. Ra7 {[%clk
0:11:03]} Rg6 {[%clk 0:48:09]} 40. Kf2 {[%clk 0:11:02]} f5 {[%clk 0:48:12]} 41.
Nc3 {[%clk 0:10:39]} Bc4 {[%clk 0:48:24]} 42. b5 {[%clk 0:09:50]} Kc8 {[%clk
0:48:01]} 43. a4 {[%clk 0:09:28]} 1-0

[Event "DVM U16 2022"]
[Site "Darmstadt GER"]
[Date "2022.12.27"]
[Round "2"]
[White "Braun, Justus"]
[Black "Samtleben, Christian"]
[Result "0-1"]
[Termination "normal"]
[Board "9.4"]
[WhiteElo "1251"]
[BlackElo "1115"]
[WhiteClock "00:15:10"]
[BlackClock "00:17:22"]
[WhiteTeam "SF Neureut 1953 e.V."]
[BlackTeam "SV Turm Lahnstein"]
[PlyCount "88"]
[WhiteFideId "16239954"]
[BlackFideId "16275098"]
[EventCountry "GER"]
[EventRounds "7"]
[EventType "team-swiss"]
[EventDate "2022.12.26"]

1. e4 {[%clk 1:30:57]} e6 {[%clk 1:30:56]} 2. d4 {[%clk 1:31:22]} d5 {[%clk
1:31:21]} 3. e5 {[%clk 1:31:38]} c5 {[%clk 1:31:39]} 4. c3 {[%clk 1:31:24]} Nc6
{[%clk 1:31:53]} 5. Nf3 {[%clk 1:31:37]} Qb6 6. Be3 {[%clk 1:29:24]} Qxb2
{[%clk 1:30:35]} 7. Nbd2 {[%clk 1:28:04]} Qxc3 {[%clk 1:30:09]} 8. Rc1 {[%clk
1:28:04]} Qa5 {[%clk 1:28:37]} 9. dxc5 {[%clk 1:27:40]} Nge7 {[%clk 1:21:26]}
10. Qb3 {[%clk 1:23:42]} a6 {[%clk 1:20:14]} 11. a3 {[%clk 1:23:28]} Qc7 {[%clk
1:15:40]} 12. Qc3 {[%clk 1:20:43]} Nf5 {[%clk 1:11:42]} 13. Bf4 {[%clk
1:17:54]} Bd7 {[%clk 1:05:55]} 14. Bd3 {[%clk 1:18:04]} Nfe7 {[%clk 1:03:46]}
15. O-O {[%clk 1:18:09]} Qa5 {[%clk 1:00:37]} 16. Qb2 {[%clk 1:15:51]} Nc8
{[%clk 0:57:40]} 17. Nb3 {[%clk 1:03:20]} Qa4 {[%clk 0:55:35]} 18. Bd2 {[%clk
1:01:51]} Rb8 {[%clk 0:54:32]} 19. h3 {[%clk 0:59:08]} b6 {[%clk 0:51:46]} 20.
Qa2 {[%clk 0:50:48]} Bxc5 {[%clk 0:48:46]} 21. Rxc5 {[%clk 0:48:28]} Nb4 {[%clk
0:47:22]} 22. Rxc8 {[%clk 0:47:05]} Rxc8 {[%clk 0:44:59]} 23. Bxb4 {[%clk
0:47:18]} a5 {[%clk 0:44:33]} 24. Bd2 {[%clk 0:46:27]} O-O {[%clk 0:43:03]} 25.
Be3 {[%clk 0:46:37]} Rc3 {[%clk 0:42:11]} 26. Bc2 {[%clk 0:45:50]} Bb5 {[%clk
0:39:58]} 27. Rc1 {[%clk 0:42:00]} Bc4 {[%clk 0:39:39]} 28. Nfd4 {[%clk
0:41:57]} Rc8 {[%clk 0:37:13]} 29. Bd2 {[%clk 0:38:45]} Bxb3 {[%clk 0:36:21]}
30. Nxb3 {[%clk 0:38:52]} R3c7 {[%clk 0:36:02]} 31. Qb2 {[%clk 0:37:53]} Qb5
{[%clk 0:34:14]} 32. Be3 {[%clk 0:36:23]} a4 {[%clk 0:33:45]} 33. Qb1 {[%clk
0:29:18]} axb3 {[%clk 0:33:36]} 34. Bxh7 {[%clk 0:29:35]} Kh8 {[%clk 0:33:31]}
35. Rxc7 {[%clk 0:29:54]} Rxc7 {[%clk 0:33:50]} 36. Bd3 {[%clk 0:30:19]} Qa4
{[%clk 0:29:26]} 37. Qb2 {[%clk 0:28:50]} b5 {[%clk 0:26:15]} 38. Qe2 {[%clk
0:26:51]} g6 {[%clk 0:23:23]} 39. Qb2 {[%clk 0:23:51]} b4 {[%clk 0:22:34]} 40.
axb4 {[%clk 0:23:36]} Qxb4 {[%clk 0:21:45]} 41. Bd2 {[%clk 0:22:44]} Qa4 {[%clk
0:20:45]} 42. h4 {[%clk 0:17:56]} Qa2 {[%clk 0:20:34]} 43. Bc1 {[%clk 0:16:19]}
Qa5 {[%clk 0:17:18]} 44. Kf1 {[%clk 0:15:10]} Qc3 {[%clk 0:17:22]} 0-1

[Event "DVM U16 2022"]
[Site "Darmstadt GER"]
[Date "2022.12.27"]
[Round "2"]
[White "Lichtinger, Simon"]
[Black "Bock, Marlon"]
[Result "1/2-1/2"]
[Termination "normal"]
[Board "10.1"]
[WhiteElo "1517"]
[BlackElo "2002"]
[WhiteClock "00:01:56"]
[BlackClock "00:00:57"]
[WhiteTeam "FC Ergolding 1932 e.V."]
[BlackTeam "SSV Vimaria 91 Weimar"]
[PlyCount "74"]
[WhiteFideId "16230442"]
[BlackFideId "16244931"]
[EventCountry "GER"]
[EventRounds "7"]
[EventType "team-swiss"]
[EventDate "2022.12.26"]

1. Nf3 {[%clk 1:30:58]} d5 {[%clk 1:30:55]} 2. g3 {[%clk 1:31:26]} Nf6 {[%clk
1:31:20]} 3. Bg2 {[%clk 1:31:52]} c5 {[%clk 1:31:31]} 4. d3 {[%clk 1:32:17]}
Nc6 {[%clk 1:31:18]} 5. O-O {[%clk 1:32:41]} e5 {[%clk 1:30:23]} 6. Nbd2 {[%clk
1:32:56]} Be7 {[%clk 1:29:12]} 7. e4 {[%clk 1:33:12]} d4 {[%clk 1:28:34]} 8.
Nc4 {[%clk 1:32:39]} Qc7 {[%clk 1:27:58]} 9. a4 {[%clk 1:33:03]} O-O {[%clk
1:25:37]} 10. h3 {[%clk 1:28:28]} Be6 {[%clk 1:16:50]} 11. b3 {[%clk 1:27:08]}
a6 {[%clk 1:07:35]} 12. Ng5 {[%clk 1:19:25]} Bxc4 {[%clk 1:01:14]} 13. bxc4
{[%clk 1:18:51]} b5 {[%clk 0:52:26]} 14. axb5 {[%clk 1:17:01]} axb5 {[%clk
0:52:40]} 15. Rxa8 {[%clk 1:16:19]} Rxa8 {[%clk 0:53:05]} 16. cxb5 {[%clk
1:16:30]} Nb4 {[%clk 0:52:13]} 17. f4 {[%clk 1:10:01]} Bd6 {[%clk 0:46:43]} 18.
fxe5 {[%clk 0:59:31]} Bxe5 {[%clk 0:46:55]} 19. Bf4 {[%clk 0:55:44]} h6 {[%clk
0:38:47]} 20. Nf3 {[%clk 0:42:00]} Bxf4 {[%clk 0:37:29]} 21. gxf4 {[%clk
0:42:25]} Qxf4 {[%clk 0:34:59]} 22. Ne1 {[%clk 0:40:53]} Qe3 {[%clk 0:34:01]}
23. Kh1 {[%clk 0:41:16]} Rb8 {[%clk 0:27:01]} 24. Rf5 {[%clk 0:39:20]} Rxb5
{[%clk 0:24:55]} 25. Rf3 {[%clk 0:32:07]} Qg5 {[%clk 0:24:47]} 26. Qe2 {[%clk
0:31:47]} Ra5 {[%clk 0:16:17]} 27. e5 {[%clk 0:30:49]} Nfd5 {[%clk 0:13:53]}
28. e6 {[%clk 0:30:26]} f5 {[%clk 0:10:46]} 29. Qe5 {[%clk 0:23:39]} Ra1 {[%clk
0:09:34]} 30. Rf1 {[%clk 0:15:04]} Ne7 {[%clk 0:06:35]} 31. Qxc5 {[%clk
0:08:23]} Rb1 {[%clk 0:04:21]} 32. Qxd4 {[%clk 0:07:23]} Nbc6 {[%clk 0:02:50]}
33. Qc3 {[%clk 0:04:41]} Nd8 {[%clk 0:02:34]} 34. Qe5 {[%clk 0:03:57]} Rb6
{[%clk 0:02:18]} 35. Qa5 {[%clk 0:02:43]} Qe3 {[%clk 0:01:38]} 36. Nf3 {[%clk
0:02:02]} Ndc6 {[%clk 0:00:34]} 37. Qa8 {[%clk 0:01:56]} Rb8 {[%clk 0:00:57]}
1/2-1/2

[Event "DVM U16 2022"]
[Site "Darmstadt GER"]
[Date "2022.12.27"]
[Round "2"]
[White "Günther, Arthur"]
[Black "Klein, Maxim"]
[Result "1-0"]
[Termination "normal"]
[Board "10.2"]
[WhiteElo "1633"]
[BlackElo "1345"]
[WhiteClock "00:28:07"]
[BlackClock "00:12:30"]
[WhiteTeam "SSV Vimaria 91 Weimar"]
[BlackTeam "FC Ergolding 1932 e.V."]
[PlyCount "65"]
[WhiteFideId "16230078"]
[BlackFideId "16281632"]
[EventCountry "GER"]
[EventRounds "7"]
[EventType "team-swiss"]
[EventDate "2022.12.26"]

1. d4 {[%clk 1:30:57]} Nf6 {[%clk 1:30:47]} 2. Nf3 {[%clk 1:31:08]} d5 {[%clk
1:31:01]} 3. e3 {[%clk 1:31:35]} c6 {[%clk 1:30:57]} 4. c4 {[%clk 1:31:52]} Bg4
{[%clk 1:30:04]} 5. Nc3 {[%clk 1:32:04]} e6 {[%clk 1:29:56]} 6. Qb3 {[%clk
1:31:26]} Bxf3 {[%clk 1:28:11]} 7. gxf3 {[%clk 1:31:38]} Qc7 {[%clk 1:28:23]}
8. Bd2 {[%clk 1:31:35]} Nbd7 9. O-O-O {[%clk 1:31:51]} dxc4 {[%clk 1:24:44]}
10. Bxc4 {[%clk 1:31:32]} b5 {[%clk 1:25:05]} 11. Bd3 {[%clk 1:31:36]} a6
{[%clk 1:22:55]} 12. Kb1 {[%clk 1:31:14]} a5 {[%clk 1:17:27]} 13. e4 {[%clk
1:30:06]} a4 {[%clk 1:17:17]} 14. Qc2 {[%clk 1:30:22]} e5 {[%clk 1:11:33]} 15.
dxe5 {[%clk 1:25:44]} Nxe5 {[%clk 1:06:13]} 16. Be2 {[%clk 1:20:26]} Bd6 {[%clk
1:01:39]} 17. f4 {[%clk 1:20:21]} Neg4 {[%clk 0:59:54]} 18. Bxg4 {[%clk
1:00:19]} Nxg4 {[%clk 1:00:14]} 19. e5 {[%clk 0:58:56]} Bc5 {[%clk 0:54:38]}
20. Ne4 {[%clk 0:48:26]} Bxf2 {[%clk 0:43:42]} 21. h3 {[%clk 0:38:54]} Ne3
{[%clk 0:44:04]} 22. Bxe3 {[%clk 0:39:07]} Bxe3 {[%clk 0:44:30]} 23. Nd6 {[%clk
0:39:21]} Kf8 {[%clk 0:43:58]} 24. Rhe1 {[%clk 0:35:50]} Bb6 {[%clk 0:42:47]}
25. Qf5 {[%clk 0:35:45]} Ba5 {[%clk 0:25:35]} 26. Re2 {[%clk 0:32:18]} Bb4
{[%clk 0:23:37]} 27. e6 {[%clk 0:29:24]} Bxd6 {[%clk 0:22:48]} 28. Rxd6 {[%clk
0:29:46]} f6 {[%clk 0:18:19]} 29. Rd7 {[%clk 0:29:00]} Qb6 {[%clk 0:17:32]} 30.
Qg4 {[%clk 0:27:28]} g6 {[%clk 0:15:20]} 31. Qh4 {[%clk 0:27:29]} g5 {[%clk
0:12:15]} 32. Qh6 {[%clk 0:27:46]} Ke8 {[%clk 0:12:30]} 33. Qh5 {[%clk
0:28:07]} 1-0

[Event "DVM U16 2022"]
[Site "Darmstadt GER"]
[Date "2022.12.27"]
[Round "2"]
[White "Roth, Andreas Christian"]
[Black "Paringer, Jakob"]
[Result "0-1"]
[Termination "normal"]
[Board "10.4"]
[WhiteElo "1306"]
[BlackElo "1298"]
[WhiteClock "00:26:51"]
[BlackClock "00:42:54"]
[WhiteTeam "SSV Vimaria 91 Weimar"]
[BlackTeam "FC Ergolding 1932 e.V."]
[PlyCount "86"]
[WhiteFideId "34617086"]
[BlackFideId "34605134"]
[EventCountry "GER"]
[EventRounds "7"]
[EventType "team-swiss"]
[EventDate "2022.12.26"]

1. d4 {[%clk 1:30:57]} Nf6 {[%clk 1:30:49]} 2. Bf4 {[%clk 1:31:07]} d5 {[%clk
1:30:51]} 3. e3 {[%clk 1:31:07]} Bf5 {[%clk 1:30:35]} 4. Nf3 {[%clk 1:30:11]}
e6 {[%clk 1:29:58]} 5. Bd3 {[%clk 1:29:13]} Bg6 {[%clk 1:29:02]} 6. O-O {[%clk
1:27:54]} c5 {[%clk 1:28:03]} 7. c3 {[%clk 1:26:19]} Qb6 {[%clk 1:26:50]} 8. b3
{[%clk 1:19:07]} Nbd7 {[%clk 1:25:02]} 9. Qc2 {[%clk 1:13:43]} Bd6 {[%clk
1:21:37]} 10. Bxd6 {[%clk 1:10:11]} Qxd6 {[%clk 1:20:09]} 11. Nbd2 {[%clk
1:08:26]} O-O {[%clk 1:12:51]} 12. Bxg6 {[%clk 1:07:57]} fxg6 {[%clk 1:12:12]}
13. Rfe1 {[%clk 1:05:56]} e5 {[%clk 1:09:11]} 14. e4 {[%clk 1:03:32]} cxd4
{[%clk 1:07:08]} 15. cxd4 {[%clk 1:01:33]} Rac8 {[%clk 1:04:26]} 16. Qb2 {[%clk
0:59:50]} Rfe8 {[%clk 1:01:07]} 17. exd5 {[%clk 0:55:10]} exd4 {[%clk 0:58:29]}
18. Nc4 {[%clk 0:50:40]} Qxd5 {[%clk 0:56:23]} 19. Qxd4 {[%clk 0:49:02]} Nc5
{[%clk 0:51:13]} 20. Rad1 {[%clk 0:43:51]} Qxd4 {[%clk 0:45:22]} 21. Nxd4
{[%clk 0:41:39]} Kf8 {[%clk 0:39:14]} 22. f3 {[%clk 0:36:47]} Rcd8 {[%clk
0:35:31]} 23. b4 {[%clk 0:32:49]} Rxe1 {[%clk 0:34:46]} 24. Rxe1 {[%clk
0:32:56]} Rxd4 {[%clk 0:34:56]} 25. Rc1 {[%clk 0:25:53]} Nd3 {[%clk 0:34:03]}
26. Rc3 {[%clk 0:24:40]} Nxb4 {[%clk 0:32:44]} 27. a3 {[%clk 0:22:47]} Nfd5
{[%clk 0:30:31]} 28. Rc1 {[%clk 0:21:02]} Na2 {[%clk 0:26:37]} 29. Rc2 {[%clk
0:17:13]} Nac3 {[%clk 0:25:45]} 30. Nd6 {[%clk 0:12:56]} Ra4 {[%clk 0:23:32]}
31. Nxb7 {[%clk 0:10:12]} Rxa3 {[%clk 0:23:53]} 32. h3 {[%clk 0:07:51]} Ra2
{[%clk 0:21:22]} 33. Rxa2 {[%clk 0:06:29]} Nxa2 {[%clk 0:21:38]} 34. Kf2 {[%clk
0:06:29]} Ke7 {[%clk 0:21:33]} 35. Nc5 {[%clk 0:06:04]} a5 {[%clk 0:20:39]} 36.
Na4 {[%clk 0:05:33]} Nac3 {[%clk 0:20:26]} 37. Nb2 {[%clk 0:04:39]} Kd7 {[%clk
0:17:57]} 38. g3 {[%clk 0:03:13]} Kc6 {[%clk 0:16:38]} 39. Ke1 {[%clk 0:03:12]}
Kb5 {[%clk 0:14:49]} 40. Kd2 {[%clk 0:02:47]} Na4 {[%clk 0:14:31]} 41. Nd1
{[%clk 0:30:15]} Nab6 {[%clk 0:43:34]} 42. Kc2 {[%clk 0:28:32]} Kb4 {[%clk
0:43:17]} 43. Kb2 {[%clk 0:26:51]} Nc4 {[%clk 0:42:54]} 0-1